| 000 -LEADER |
| fixed length control field |
00997nam a22001577a 4500 |
| 003 - CONTROL NUMBER IDENTIFIER |
| control field |
OSt |
| 005 - DATE AND TIME OF LATEST TRANSACTION |
| control field |
20150918090513.0 |
| 008 - FIXED-LENGTH DATA ELEMENTS--GENERAL INFORMATION |
| fixed length control field |
150918b xxu||||| |||| 00| 0 eng d |
| 040 ## - CATALOGING SOURCE |
| Transcribing agency |
RUA |
| 082 ## - DEWEY DECIMAL CLASSIFICATION NUMBER |
| Classification number |
AGR TOU 2004 B030 Or.1 |
| 100 ## - MAIN ENTRY--PERSONAL NAME |
| 9 (RLIN) |
720 |
| Personal name |
TOUCH, BUNNA. |
| 245 ## - TITLE STATEMENT |
| Title |
effect of different amounts and split application method of nitrogen on growth and yield in rice variety sen pidao at comping puoy agricultural development center (kadc) battambang province(ឥទ្ធិពលនៃភាពខុសគ្នាដោយវរិមាណ និងការអនុវត្តវីធីសាស្រ្តបំបែកជីអាសូតទៅលើការលូតលាស់ និង ទិន្នផលស្រូវសែនពិដោរ នៅមណ្ឌលអភិេវឌ្ឍន៍កសិកម្មកំពីងពួយ ខេត្តបាត់ដំបង) |
| Statement of responsibility, etc. |
. |
| 260 ## - PUBLICATION, DISTRIBUTION, ETC. (IMPRINT) |
| Place of publication, distribution, etc. |
Phnom Penh |
| Name of publisher, distributor, etc. |
RUA |
| Date of publication, distribution, etc. |
2004 |
| 300 ## - PHYSICAL DESCRIPTION |
| Extent |
65p. |
| Other physical details |
ill. |
| Dimensions |
29cm. |
| 942 ## - ADDED ENTRY ELEMENTS (KOHA) |
| Source of classification or shelving scheme |
|
| Koha item type |
AGR |